Система контроля дистракционных усилий в процессе автоматизированного удлинения конечности; Вестник науки Сибири; № 3 (9)
| Parent link: | Вестник науки Сибири: электронный научный журнал/ Томский политехнический университет (ТПУ).— , 2011-.— 2226-0064 № 3 (9).— 2013.— [С. 18-22] |
|---|---|
| Autor principal: | |
| Altres autors: | |
| Sumari: | Заглавие с титульного листа Разработан модуль измерения дистракционных усилий на основе применения тензорезистивного датчика, который позволяет в реальном времени осуществлять контроль натяжения конечности. Представлен пример интерфейса пользователя, отображающего текущее значение усилия, приложенного к костной ткани, и динамику его изменения в течение всего дистракционного процесса. |
| Idioma: | rus |
| Publicat: |
2013
|
| Col·lecció: | Инженерные науки |
| Matèries: | |
| Accés en línia: | http://earchive.tpu.ru/handle/11683/16430 |
| Format: | MixedMaterials Electrònic Capítol de llibre |
| KOHA link: | https://koha.lib.tpu.ru/cgi-bin/koha/opac-detail.pl?biblionumber=518044 |
MARC
| LEADER | 00000naa2a2200000 4500 | ||
|---|---|---|---|
| 001 | 518044 | ||
| 005 | 20231101105811.0 | ||
| 035 | |a (RuTPU)RU\TPU\prd\196495 | ||
| 035 | |a RU\TPU\prd\196494 | ||
| 090 | |a 518044 | ||
| 100 | |a 20131004d2013 k y0rusy50 ca | ||
| 101 | 0 | |a rus | |
| 102 | |a RU | ||
| 135 | |a drnn ---uucaa | ||
| 181 | 0 | |a i | |
| 182 | 0 | |a b | |
| 200 | 1 | |a Система контроля дистракционных усилий в процессе автоматизированного удлинения конечности |f Ф. Ю. Блынский, М. П. Сульдин | |
| 203 | |a Текст |c электронный | ||
| 215 | |a 1 файл (881 Кб) | ||
| 225 | 1 | |a Инженерные науки | |
| 230 | |a Электронные текстовые данные (1 файл : 881 Кб) | ||
| 300 | |a Заглавие с титульного листа | ||
| 320 | |a [Библиогр.: с. 22 (8 назв.)] | ||
| 330 | |a Разработан модуль измерения дистракционных усилий на основе применения тензорезистивного датчика, который позволяет в реальном времени осуществлять контроль натяжения конечности. Представлен пример интерфейса пользователя, отображающего текущее значение усилия, приложенного к костной ткани, и динамику его изменения в течение всего дистракционного процесса. | ||
| 337 | |a Adobe Reader | ||
| 461 | 1 | |0 (RuTPU)RU\TPU\prd\143680 |x 2226-0064 |t Вестник науки Сибири |o электронный научный журнал |f Томский политехнический университет (ТПУ) |d 2011- | |
| 463 | 1 | |0 (RuTPU)RU\TPU\prd\196491 |t № 3 (9) |v [С. 18-22] |d 2013 | |
| 610 | 1 | |a дистракционный остеосинтез | |
| 610 | 1 | |a аппарат Илизарова | |
| 610 | 1 | |a автоматизированная дистракция | |
| 610 | 1 | |a аппараты | |
| 610 | 1 | |a ортопедия | |
| 610 | 1 | |a конечности | |
| 610 | 1 | |a удлинение | |
| 610 | 1 | |a труды учёных ТПУ | |
| 610 | 1 | |a электронный ресурс | |
| 700 | 1 | |a Блынский |b Ф. Ю. |c специалист в области электроники |c инженер Томского политехнического университета |f 1991- |g Федор Юрьевич |2 stltpush |3 (RuTPU)RU\TPU\pers\35590 | |
| 701 | 1 | |a Сульдин |b М. П. |g Максим Петрович | |
| 801 | 1 | |a RU |b 63413507 |c 20090623 |g PSBO | |
| 801 | 2 | |a RU |b 63413507 |c 20180115 |g PSBO | |
| 856 | 4 | |u http://earchive.tpu.ru/handle/11683/16430 | |
| 942 | |c BK | ||